[Event "EU-ch Seniors 65 (Women)"]
[Site "Porto"]
[Date "2014.03.17"]
[Round "9"]
[White "Kabanova, Irina"]
[Black "Kozlovskaya, Valentina"]
[Result "0-1"]
[WhiteElo "1941"]
[BlackElo "2169"]
[PlyCount "138"]
[EventDate "2014.03.09"]
[EventType "tourn"]
[EventRounds "9"]
[EventCountry "POR"]
[SourceTitle "CBM 159 Extra"]
[Source "ChessBase"]
[SourceDate "2014.04.24"]
[SourceVersion "1"]
[SourceVersionDate "2014.04.24"]
[SourceQuality "1"]

1. e4 c5 2. Nf3 d6 3. d4 cxd4 4. Nxd4 Nf6 5. Nc3 a6 6. Be2 e5 7. Nb3 Be6 8. Bg5 Be7 9. Bxf6 Bxf6 10. Nd5 Nd7 11. 0-0 0-0 12. c4 g6 13. Bg4 Bg7 14. Bxe6 fxe6 15. Ne3 Nf6 16. Nd2 Bh6 17. Qe2 Qb6 18. b3 Bxe3 19. fxe3 Qc6 20. Rad1 Rad8 21. h3 b5 22. Rc1 Qb7 23. Rcd1 Rd7 24. Kh2 Rdf7 25. Qd3 d5 26. cxd5 exd5 27. exd5 Qxd5 28. Qxd5 Nxd5 29. Rxf7 Rxf7 30. Nf3 Nxe3 31. Re1 Nf5 32. Rxe5 Re7 33. Rxe7 Nxe7 34. a4 b4 35. Kg3 Nd5 36. Nd4 Kf7 37. Kf3 Ke7 38. Ke4 Kd6 39. g3 Nf6+ 40. Kd3 Kd5 41. Nc2 Kc5 42. Nd4 Kd5 43. Nc2 Kc5 44. Nd4 a5 45. Ne2 g5 46. Nd4 g4 47. h4 Nh5 48. Ne2 Kd5 49. Ke3 Ke5 50. Kd3 Kd5 51. Ke3 h6 52. Kd3 Nf6 53. Nf4+ Kc5 54. Ne2 Nd5 55. Nd4 Nf6 56. Ne2 Kd5 57. Nd4 Ne4 58. Ne2 Nc5+ 59. Kc2 Ke4 60. Nf4 Kf3 61. Nh5 Ne4 62. Kd3 Nxg3 63. Nf6 Nf5 64. Nxg4 Kxg4 65. h5 Kxh5 66. Kc4 Nd6+ 67. Kc5 Kg5 68. Kb6 h5 69. Kxa5 h4 0-1

[Event "EU-ch Seniors 65 (Women)"]
[Site "Porto"]
[Date "2014.03.12"]
[Round "4"]
[White "Kabanova, Irina"]
[Black "Gaprindashvili, Nona"]
[Result "1-0"]
[WhiteElo "1941"]
[BlackElo "2304"]
[PlyCount "71"]
[EventDate "2014.03.09"]
[EventType "tourn"]
[EventRounds "9"]
[EventCountry "POR"]
[SourceTitle "CBM 159 Extra"]
[Source "ChessBase"]
[SourceDate "2014.04.24"]
[SourceVersion "1"]
[SourceVersionDate "2014.04.24"]
[SourceQuality "1"]

1. e4 b6 2. d4 Bb7 3. Bd3 e6 4. Nf3 g6 5. Nc3 Bg7 6. 0-0 Ne7 7. Re1 0-0 8. e5 d5 9. Ne2 c5 10. c3 Ba6 11. Ng3 Bxd3 12. Qxd3 Nbc6 13. Bd2 h6 14. b4 Qd7 15. a3 Rfc8 16. Rec1 Rc7 17. h3 Kh7 18. Bf4 Ng8 19. Nh5 Bf8 20. Nf6+ Nxf6 21. exf6 Rcc8 22. h4 Qd8 23. Be5 Kg8 24. g4 cxb4 25. axb4 Nxe5 26. dxe5 Rc4 27. Nd4 Qc7 28. f4 Rc8 29. Ne2 g5 30. hxg5 hxg5 31. Kg2 gxf4 32. Rh1 Re4 33. Qh3 f3+ 34. Kg1 Bh6 35. Qxh6 Rxg4+ 36. Kf2 1-0

[Event "EU-ch Seniors 65 (Women)"]
[Site "Porto"]
[Date "2014.03.10"]
[Round "2"]
[White "Kabanova, Irina"]
[Black "Hoose, Hannelore"]
[Result "1-0"]
[WhiteElo "1941"]
[BlackElo "1750"]
[PlyCount "85"]
[EventDate "2014.03.09"]
[EventType "tourn"]
[EventRounds "9"]
[EventCountry "POR"]
[SourceTitle "CBM 159 Extra"]
[Source "ChessBase"]
[SourceDate "2014.04.24"]
[SourceVersion "1"]
[SourceVersionDate "2014.04.24"]
[SourceQuality "1"]

1. e4 e6 2. d4 d5 3. Nd2 dxe4 4. Nxe4 Nd7 5. Bd3 Ngf6 6. Nxf6+ Nxf6 7. Nf3 c6 8. Qe2 Be7 9. 0-0 0-0 10. c3 c5 11. dxc5 Bxc5 12. Bg5 Be7 13. Rad1 Qc7 14. Ne5 Ne8 15. Bf4 Bd6 16. Bg3 g6 17. Bc2 Ng7 18. Rxd6 Qxd6 19. Nxg6 Qc5 20. Nxf8 Qxf8 21. Rd1 Qe7 22. Qd3 Nf5 23. Qd8+ Kg7 24. Qxe7 Nxe7 25. Ba4 Nd5 26. Bb3 Ne7 27. Bd6 Kf6 28. f4 Nf5 29. Bc7 b6 30. g4 Ne3 31. g5+ Kf5 32. Re1 Nd5 33. Bxd5 exd5 34. Be5 Be6 35. Kf2 Rc8 36. b3 b5 37. Re3 a6 38. Rh3 Kg6 39. Rh6+ Kf5 40. Kf3 Rxc3+ 41. Bxc3 d4 42. Bxd4 Bd5+ 43. Ke3 1-0

[Event "EU-ch Seniors 65 (Women)"]
[Site "Porto"]
[Date "2014.03.09"]
[Round "1"]
[White "Tsifanskaya, Ludmila A"]
[Black "Kabanova, Irina"]
[Result "1/2-1/2"]
[WhiteElo "2102"]
[BlackElo "1941"]
[PlyCount "127"]
[EventDate "2014.03.09"]
[EventType "tourn"]
[EventRounds "9"]
[EventCountry "POR"]
[SourceTitle "CBM 159 Extra"]
[Source "ChessBase"]
[SourceDate "2014.04.24"]
[SourceVersion "1"]
[SourceVersionDate "2014.04.24"]
[SourceQuality "1"]

1. e4 c5 2. Nf3 e6 3. d3 Nc6 4. g3 d6 5. Bg2 Nf6 6. 0-0 Be7 7. Re1 Qc7 8. c3 e5 9. Nbd2 0-0 10. Nf1 h6 11. Ne3 Be6 12. Nh4 Qd7 13. Nhf5 Bd8 14. d4 cxd4 15. cxd4 exd4 16. Nxd4 Nxd4 17. Qxd4 Bb6 18. Qd1 Bh3 19. Nd5 Nxd5 20. Qxd5 Bxg2 21. Kxg2 Rac8 22. Be3 Bxe3 23. Rxe3 Rc2 24. Rb3 b6 25. Rd1 Qe7 26. Rdd3 Rc5 27. Qd4 Qe6 28. Re3 Rfc8 29. a3 Rh5 30. Rbc3 Rhc5 31. Rcd3 R8c6 32. b4 Rc2 33. b5 R6c5 34. Qxd6 Qxd6 35. Rxd6 Rxb5 36. Rd8+ Kh7 37. Rd7 Kg6 38. Rxa7 Rbb2 39. Rf3 f6 40. h4 h5 41. Ra4 Re2 42. Rd4 b5 43. Rf4 Kh6 44. Rf5 Kg6 45. Rb4 Ra2 46. Rf3 Kh6 47. Rxb5 Rxe4 48. Rbb3 Ree2 49. Rf4 Kg6 50. a4 Red2 51. Rb5 Re2 52. a5 Red2 53. g4 hxg4 54. Rxg4+ Kh6 55. Rf4 Kg6 56. Kg3 Rd3+ 57. Rf3 Rd4 58. Rc3 Rda4 59. Rcc5 Rd2 60. Rf5 Rdd4 61. h5+ Kh6 62. Rb8 Kh7 63. Rb6 Ra3+ 64. Rf3 1/2-1/2

[Event "Wch Seniors (Women)"]
[Site "Opatija"]
[Date "2013.11.22"]
[Round "9"]
[White "Kabanova, Irina"]
[Black "Kierzek, Mira"]
[Result "0-1"]
[WhiteElo "1951"]
[BlackElo "2005"]
[PlyCount "198"]
[EventDate "2013.11.12"]
[EventType "swiss"]
[EventRounds "9"]
[EventCountry "CRO"]
[SourceTitle "CBM 157 Extra"]
[Source "ChessBase"]
[SourceDate "2013.12.19"]
[SourceVersion "1"]
[SourceVersionDate "2013.12.19"]
[SourceQuality "1"]

1. e4 c5 2. Nf3 Nc6 3. d4 cxd4 4. Nxd4 Qb6 5. c3 Nf6 6. Nxc6 dxc6 7. Qc2 e5 8. Be3 Qc7 9. h3 Be7 10. Be2 0-0 11. 0-0 c5 12. c4 h6 13. Nc3 Bd8 14. Rad1 Qc6 15. f4 Bc7 16. f5 b6 17. Nd5 Bd8 18. Nc3 Bb7 19. Bf3 Ba6 20. Be2 Rc8 21. b3 Re8 22. Rd2 Bc7 23. Rfd1 Bb7 24. Nd5 Bb8 25. a4 Kh7 26. Rf1 Rcd8 27. Bf3 Kh8 28. Rd3 Nxd5 29. cxd5 Qf6 30. Rdd1 Bd6 31. Qf2 Be7 32. g3 Bd6 33. Be2 Kh7 34. Bh5 Rf8 35. Kh2 Be7 36. Qe2 Qd6 37. Qd2 Ba6 38. Rf2 Qf6 39. Bg4 Qd6 40. h4 Bc8 41. Kg2 Bd7 42. Rdf1 Bf6 43. Rh1 Rc8 44. Rc1 Rc7 45. Be2 Rcc8 46. Rh1 Qe7 47. Rhf1 Rfd8 48. Rh1 Bc6 49. Bc4 Bb7 50. Qe2 Rd6 51. Qh5 Qd8 52. Qe2 Qe7 53. Qh5 Qf8 54. Qe2 g6 55. Rhf1 Qg7 56. Kh2 Rf8 57. Kh3 g5 58. Qh5 Rg8 59. hxg5 Bxg5 60. Rf3 f6 61. Bxg5 Qxg5 62. Qh4 Kg7 63. R1f2 Kf7 64. Be2 Ke7 65. Rc3 Rdd8 66. g4 Rg7 67. Rg3 Kd6 68. Rfg2 Rh8 69. Qh5 Bc8 70. Kh2 Bd7 71. Qh3 Be8 72. Kg1 Qf4 73. Re3 Bf7 74. Rf2 Qg5 75. Rg2 Rhg8 76. Kf2 Be8 77. Reg3 Qf4+ 78. Bf3 Qd2+ 79. Be2 Qg5 80. Rg1 Qf4+ 81. Bf3 b5 82. a5 a6 83. Qh4 Qg5 84. Qh2 Rc7 85. Ke1 Qc1+ 86. Bd1 b4 87. Qe2 Bb5 88. Qh2 c4 89. Qf2 cxb3 90. Qb6+ Kd7 91. Rxb3 Rf8 92. Rxb4 Qc3+ 93. Kf2 Qxb4 94. Qe6+ Kd8 95. d6 Qd4+ 96. Kg2 Rd7 97. Bf3 Rxd6 98. Qxd6+ Qxd6 99. Rd1 Qxd1 0-1